[Event "POLFINAL MISTRZOSTW POLSKI JUNIOROW 2019 - D17"]
[Site "Ustron"]
[Date "1899-12-30"]
[Round "8.3"]
[White "Majdecka, Nikola"]
[Black "Pyzio, Amelia"]
[Result "0-1"]
[WhiteTitle "I"]
[BlackTitle "I++"]
[WhiteElo "1189"]
[BlackElo "1581"]

1. e4 e5 2. Nf3 Nc6 3. Nc3 Nf6 4. Bc4 Bc5 5. d3 h6 6. Qe2 d6 7. h3 a6 8. Be3 Ba7
9. g4 Na5 10. O-O-O b5 11. Bb3 Nxb3+ 12. cxb3 c5 13. Nd5 Nxd5 14. exd5 Qc7 15.
Kb1 Bb7 16. Rhf1 Bxd5 17. Nh2 O-O-O 18. Rc1 Kb8 19. d4 exd4 20. Bxd4 Rhe8 21.
Qd2 f6 22. Bc3 Be4+ 23. Ka1 Bb6 24. b4 Re6 25. Rfe1 Rde8 26. h4 Bb7 27. Rxe6 Rxe6
28. f4 Qe7 29. Nf1 c4 30. Ng3 Be3 31. Qc2 Bxf4 32. Nf5 Qd7 33. Rf1 Be5 34. Nd4
Re8 35. Nf5 Bxc3 36. Qxc3 Ka8 37. Qa3 d5 38. Qa5 d4 39. Rd1 d3 40. Qa3 Qc7 41.
Qc3 Qd7 42. Rf1 Kb8 43. a3 Ka8 44. b3 cxb3 45. Qxb3 Qe6 46. Qxd3 Qe5+ 47. Qd4
Qxd4+ 48. Nxd4 Re4 49. Nf5 Rxg4 50. Rd1 Be4 51. Rd8+ Kb7 52. Nd6+ Kc7 53. Nf7
Bg6 54. Rf8 Bxf7 55. Rxf7+ Kc6 0-1

[Event "POLFINAL MISTRZOSTW POLSKI JUNIOROW 2019 - D17"]
[Site "Ustron"]
[Date "1899-12-30"]
[Round "8.4"]
[White "Taranowicz, Zofia"]
[Black "Drob, Julia"]
[Result "0-1"]
[WhiteTitle "I"]
[BlackTitle "I"]
[WhiteElo "1175"]
[BlackElo "1416"]

1. d4 d5 2. Nf3 Nf6 3. Bf4 e6 4. e3 c5 5. c3 Bd6 6. Bxd6 Qxd6 7. dxc5 Qxc5 8. Bd3
Nc6 9. Nbd2 O-O 10. O-O b6 11. Qe2 e5 12. Nb3 Qe7 13. e4 Bb7 14. exd5 Nxd5 15.
Bxh7+ Kxh7 16. Qe4+ g6 17. Qxd5 Nd4 18. Qc4 Nxf3+ 19. gxf3 Bxf3 20. h4 Qd7 21.
Kh2 Rac8 22. Qa6 Qg4 0-1

[Event "POLFINAL MISTRZOSTW POLSKI JUNIOROW 2019 - D17"]
[Site "Ustron"]
[Date "1899-12-30"]
[Round "8.5"]
[White "Chomicka, Kinga"]
[Black "Zalucka, Emilia"]
[Result "0-1"]
[WhiteTitle "I"]
[BlackTitle "I"]
[WhiteElo "1485"]
[BlackElo "1546"]

1. e4 e5 2. Nf3 Nc6 3. Bc4 Bc5 4. c3 Nf6 5. d3 d6 6. Bb3 a6 7. Nbd2 O-O 8. Nf1
Ng4 9. Ne3 Na5 10. Bc2 Ba7 11. Qe2 f5 12. exf5 Nxe3 13. Bxe3 Bxe3 14. Qxe3 Bxf5
15. b4 Nc6 16. Bb3+ Kh8 17. O-O Qf6 18. Rad1 Bg4 19. Bd5 a5 20. b5 Ne7 21. Bxb7
Rab8 22. Ba6 Nd5 23. Qg5 Qxg5 24. Nxg5 Bxd1 25. Rxd1 Nxc3 26. Rc1 Nxb5 27. a4
Nd4 28. Kf1 Rb2 29. f3 h6 30. Ne4 Nc2 31. Nf2 Ne3+ 32. Kg1 Rfb8 33. h3 Rb1 34.
Rxb1 Rxb1+ 35. Kh2 Rb2 36. Kg1 c6 37. g4 d5 38. d4 exd4 39. Nd3 Ra2 40. Nc5 Nc4
41. Bb7 Ne5 42. f4 d3 43. Kf1 Ra1+ 44. Kf2 d2 45. Nb3 Rf1+ 0-1

[Event "POLFINAL MISTRZOSTW POLSKI JUNIOROW 2019 - D17"]
[Site "Ustron"]
[Date "1899-12-30"]
[Round "8.6"]
[White "Zygmunt, Magdalena"]
[Black "Repec, Julia"]
[Result "1/2-1/2"]
[WhiteTitle "I"]
[BlackTitle "I"]
[WhiteElo "1237"]
[BlackElo "1373"]

1. e4 e6 2. Qe2 c6 3. Nc3 d5 4. exd5 cxd5 5. d4 Nf6 6. g3 Nc6 7. Nf3 Bd6 8. Bg2
a6 9. Be3 Bb4 10. Qd3 Ne4 11. Bd2 Bxc3 12. Bxc3 Nxc3 13. Qxc3 Qa5 14. Qxa5 Nxa5
15. Nd2 O-O 16. O-O Rb8 17. c3 b5 18. b4 Nc4 19. Nxc4 dxc4 20. a4 Bb7 21. Bxb7
Rxb7 22. a5 Rd8 23. Rad1 Rbd7 24. f4 g6 25. Rfe1 Kg7 26. Kf2 h6 27. Re5 Rd5 28.
Rxd5 Rxd5 29. Re1 Kf6 30. Re5 Ke7 1/2-1/2

[Event "POLFINAL MISTRZOSTW POLSKI JUNIOROW 2019 - D17"]
[Site "Ustron"]
[Date "1899-12-30"]
[Round "8.7"]
[White "Szwacinska, Wiktoria"]
[Black "Wojtas, Emilia"]
[Result "1-0"]
[WhiteTitle "II"]
[BlackTitle "II+"]
[WhiteElo "1006"]
[BlackElo "1179"]

1. e4 c5 2. Bc4 e6 3. a3 a6 4. d3 Qc7 5. Nf3 Nc6 6. Nc3 Nf6 7. h3 Be7 8. Bd2 O-O
9. O-O b5 10. Ba2 Bb7 11. Re1 Rad8 12. Ne2 d5 13. exd5 exd5 14. Bf4 Bd6 15. Bxd6
Qxd6 16. Ng3 Rfe8 17. Qd2 h6 18. Rad1 Ne7 19. Nh4 Qc6 20. f3 c4 21. d4 Qc7 22.
Nhf5 Ng6 23. c3 Bc8 24. Bb1 Be6 25. Nf1 Nh5 26. Qf2 Nhf4 27. N5e3 Qd7 28. Ng4
h5 29. Bxg6 hxg4 30. Bxf7+ Qxf7 31. fxg4 Rf8 32. Qd2 Nd3 33. Re2 Rde8 34. Ne3
Qf6 35. Rf1 Qh4 36. Nf5 Bxf5 37. Rxe8 Rxe8 38. Rxf5 Qe1+ 39. Qxe1 Rxe1+ 40. Kh2
Nxb2 41. Rxd5 Re6 42. g5 Nd1 43. h4 Nxc3 44. Rc5 Ne2 45. d5 Rd6 46. g6 Kf8 47.
Rc8+ Ke7 48. Rc7+ Kf6 49. Rc6 Rxc6 50. dxc6 Ke7 51. h5 Nd4 52. c7 Kd7 53. h6 c3
54. c8=Q+ Kxc8 55. hxg7 c2 56. g8=Q+ Kc7 57. Qg7+ Kb8 58. Qe5+ Kb7 59. Qe4+ Kb8
60. Qxc2 Nxc2 61. g7 Nxa3 62. g8=Q+ Kb7 63. Qd5+ Kc8 64. Qc6+ Kb8 65. Qxa6 b4
66. Qb6+ Kc8 67. Qxb4 1-0

[Event "POLFINAL MISTRZOSTW POLSKI JUNIOROW 2019 - D17"]
[Site "Ustron"]
[Date "1899-12-30"]
[Round "9.1"]
[White "Sloniec, Natalia"]
[Black "Polak, Sylwia"]
[Result "0-1"]
[WhiteTitle "II+"]
[BlackTitle "I+"]
[WhiteElo "1103"]
[BlackElo "1537"]

1. e4 c5 2. Nf3 e6 3. b3 a6 4. Bb2 Nc6 5. c4 d6 6. e5 dxe5 7. Nxe5 Nd4 8. Nf3 Nf6
9. Nc3 Bd6 10. Be2 O-O 11. O-O e5 12. Bd3 Bg4 13. Be2 Bf5 14. d3 Bc7 15. Nxd4
exd4 16. Nb1 Re8 17. Nd2 Qd6 18. g3 Re7 19. Bf3 Rae8 20. Nb1 b6 21. Na3 Nd7 22.
Bg4 Bxg4 23. Qxg4 Ne5 24. Qd1 Qg6 25. f4 Ng4 26. Qf3 Re2 27. f5 Qh5 28. h4 R2e3
29. Qc6 Rxg3+ 30. Kh1 Qxh4# 0-1

[Event "POLFINAL MISTRZOSTW POLSKI JUNIOROW 2019 - D17"]
[Site "Ustron"]
[Date "1899-12-30"]
[Round "9.2"]
[White "Repec, Julia"]
[Black "Giefert, Sara"]
[Result "1/2-1/2"]
[WhiteTitle "I"]
[BlackTitle "I"]
[WhiteElo "1373"]
[BlackElo "1579"]

1. c4 e5 2. g3 Nc6 3. Bg2 g6 4. Nc3 Bg7 5. e3 f5 6. Nge2 Nge7 7. d4 exd4 8. exd4
O-O 9. O-O h6 10. f4 Kh7 11. d5 Nb8 12. Be3 Ng8 13. Bd4 Nf6 14. b4 a5 15. b5 d6
16. h3 Nbd7 17. Na4 b6 18. Kh2 Qe7 19. Nec3 Bb7 20. Re1 Qf7 21. Qd2 Rae8 22. Rxe8
Rxe8 23. Re1 Rxe1 24. Qxe1 Ng4+ 25. hxg4 Bxd4 26. Qe6 Kg7 27. gxf5 Qxf5 28. Qxf5
gxf5 29. Bh3 Kg6 30. Ne2 Ba1 31. Kg2 1/2-1/2

[Event "POLFINAL MISTRZOSTW POLSKI JUNIOROW 2019 - D17"]
[Site "Ustron"]
[Date "1899-12-30"]
[Round "9.3"]
[White "Pyzio, Amelia"]
[Black "Zalucka, Emilia"]
[Result "0-1"]
[WhiteTitle "I++"]
[BlackTitle "I"]
[WhiteElo "1581"]
[BlackElo "1546"]

1. e4 e5 2. Nf3 Nc6 3. Bc4 Bc5 4. d3 d6 5. h3 Nf6 6. O-O O-O 7. Bg5 Be6 8. Bb3
a5 9. Nc3 h6 10. Bh4 Nd4 11. Nd5 Bxd5 12. Nxd4 Bxd4 13. Bxf6 Qxf6 14. Bxd5 c6
15. Bc4 b5 16. c3 Bb6 17. Bb3 a4 18. Bc2 Rfc8 19. Qe2 d5 20. exd5 cxd5 21. Rae1
d4 22. cxd4 Bxd4 23. Bb1 Qd6 24. Rd1 b4 25. Kh1 Ra6 26. Rde1 Qd5 27. Qg4 Rcc6
28. Qe2 Rg6 29. Rg1 Raf6 30. Ref1 Qc5 31. Rc1 Qb6 32. Rgf1 Rg5 33. Qe4 Rd6 34.
f4 exf4 35. Qxf4 Qb7 36. Rc2 Rf6 37. Qc1 Rfg6 38. Qd2 b3 39. axb3 axb3 40. h4
Rg3 41. Qf4 Rh3+ 42. Qh2 Rxh2+ 0-1

[Event "POLFINAL MISTRZOSTW POLSKI JUNIOROW 2019 - D17"]
[Site "Ustron"]
[Date "1899-12-30"]
[Round "9.4"]
[White "Drob, Julia"]
[Black "Majdecka, Nikola"]
[Result "1-0"]
[WhiteTitle "I"]
[BlackTitle "I"]
[WhiteElo "1416"]
[BlackElo "1189"]

1. d4 d5 2. Bf4 Nf6 3. Nf3 c6 4. e3 Bf5 5. Bd3 e6 6. Bxf5 exf5 7. Qd3 Ne4 8. O-O
Be7 9. Nbd2 O-O 10. c4 Nd7 11. h3 b6 12. Rac1 h6 13. cxd5 cxd5 14. Qa6 Bd6 15.
Bxd6 Nxd6 16. Rc2 Re8 17. Rfc1 Kh7 18. Qa3 Ne4 19. Rc7 Ndf6 20. Rxf7 Nxd2 21.
Nxd2 Ne4 22. Rcc7 Rg8 23. Nxe4 fxe4 24. Rfd7 Qg5 25. Rxa7 Rxa7 26. Qxa7 Rd8 27.
Rb7 Rd6 28. Rxb6 Rxb6 29. Qxb6 Qh5 30. Qb3 Qf7 31. Qc2 1-0

[Event "POLFINAL MISTRZOSTW POLSKI JUNIOROW 2019 - D17"]
[Site "Ustron"]
[Date "1899-12-30"]
[Round "9.5"]
[White "Jedras, Adrianna"]
[Black "Szwacinska, Wiktoria"]
[Result "1-0"]
[WhiteTitle "I"]
[BlackTitle "II"]
[WhiteElo "1472"]
[BlackElo "1006"]

1. e4 e5 2. Nf3 Nc6 3. d4 exd4 4. Nxd4 Bc5 5. Be3 Bb6 6. Bc4 d6 7. O-O Nf6 8. Nc3
O-O 9. Nxc6 bxc6 10. Bg5 h6 11. Bh4 g5 12. Bg3 Be6 13. Bd3 Nd7 14. Na4 f5 15.
exf5 Bxf5 16. Bxf5 Rxf5 17. Nxb6 axb6 18. Qd3 Qf6 19. Rfe1 Nc5 20. Qc4+ Qf7 21.
Qxf7+ Rxf7 22. a3 Raf8 23. Re2 Kg7 24. Rae1 Na4 25. c3 Nc5 26. f3 Nd3 27. Rd1
Nf4 28. Bxf4 Rxf4 29. Re7+ R8f7 30. Rde1 Rxe7 31. Rxe7+ Rf7 32. Rxf7+ Kxf7 33.
Kf2 Kf6 34. Ke3 Ke5 35. b4 b5 36. g3 Kf5 37. Kd4 Ke6 38. Ke4 Kf6 39. f4 gxf4 40.
Kxf4 h5 41. h3 Kg6 42. g4 hxg4 43. Kxg4 Kh6 44. Kf5 1-0

[Event "POLFINAL MISTRZOSTW POLSKI JUNIOROW 2019 - D17"]
[Site "Ustron"]
[Date "1899-12-30"]
[Round "9.6"]
[White "Zygmunt, Patrycja"]
[Black "Laszczuk, Zuzanna"]
[Result "1-0"]
[WhiteTitle "I"]
[BlackTitle "I"]
[WhiteElo "1261"]
[BlackElo "1320"]

1. e4 e5 2. Nf3 Nc6 3. Bc4 Bc5 4. O-O Nf6 5. d3 O-O 6. Bg5 Be7 7. Re1 d6 8. h3
Na5 9. Nbd2 h6 10. Be3 c5 11. c3 Nxc4 12. Nxc4 b5 13. Na3 a6 14. d4 Qc7 15. Qc2
Nh7 16. Nd2 f5 17. f4 c4 18. Rf1 fxe4 19. Qxe4 Bf5 20. Qd5+ Kh8 21. fxe5 dxe5
22. Rxf5 Rxf5 23. Qxa8+ Rf8 24. Qxa6 exd4 25. Bxd4 Qg3 26. Rf1 Bh4 27. Rxf8+ Nxf8
28. Qxh6+ Kg8 29. Qe3 Qg6 30. Nf3 Bf6 31. Bxf6 Qxf6 32. Nxb5 Qf5 33. Nd6 Qb1+
34. Kh2 Qxa2 35. Qe7 Qa8 36. Nf5 Qb8+ 37. Kh1 Qxb2 38. Qxg7# 1-0

[Event "POLFINAL MISTRZOSTW POLSKI JUNIOROW 2019 - D17"]
[Site "Ustron"]
[Date "1899-12-30"]
[Round "9.8"]
[White "Wojtas, Emilia"]
[Black "Zygmunt, Magdalena"]
[Result "0-1"]
[WhiteTitle "II+"]
[BlackTitle "I"]
[WhiteElo "1179"]
[BlackElo "1237"]

1. e4 e5 2. Nf3 Nc6 3. Bc4 Bc5 4. d3 h6 5. c3 Qf6 6. Bb3 d6 7. Nbd2 Nge7 8. h3
Ng6 9. O-O Nf4 10. Kh2 Nxd3 11. Qe2 Nf4 12. Qd1 g5 13. Nc4 g4 14. Ng1 gxh3 15.
Nxh3 Bxh3 16. gxh3 Rg8 17. Ne3 Qh4 18. Qf3 O-O-O 19. Bxf7 Rgf8 20. Bb3 Ne7 21.
Qg4+ Qxg4 22. hxg4 Nd3 23. Be6+ Kb8 24. Bf5 Bxe3 25. fxe3 Nc5 26. a4 Nxe4 27.
Kg2 Nxf5 28. gxf5 Rf6 29. Kf3 d5 30. Kg4 Rg8+ 31. Kh4 Rg5 32. b4 Rgxf5 33. Rxf5
Rxf5 34. Bb2 Rf2 35. Rg1 b6 36. Bc1 Nxc3 37. Rg8+ Kb7 38. Rg6 Nxa4 39. Rxh6 Rh2+
40. Kg5 Rxh6 0-1